Water conservation and utilization in agriculture production (Record no. 306276)
[ view plain ]
| 000 -LEADER | |
|---|---|
| fixed length control field | 00956nam a2200265Ia 4500 |
| 008 - FIXED-LENGTH DATA ELEMENTS--GENERAL INFORMATION | |
| fixed length control field | 141004s9999 xx 000 0 und d |
| 020 ## - INTERNATIONAL STANDARD BOOK NUMBER | |
| International Standard Book Number | 818930478x |
| 040 ## - CATALOGING SOURCE | |
| Transcribing agency | a |
| 041 ## - LANGUAGE CODE | |
| Language code of text/sound track or separate title | English |
| 082 ## - DEWEY DECIMAL CLASSIFICATION NUMBER | |
| Classification number | 333.9116 |
| 082 ## - DEWEY DECIMAL CLASSIFICATION NUMBER | |
| Item number | SAI/WA |
| 100 ## - MAIN ENTRY--PERSONAL NAME | |
| Personal name | Subhash Chandra |
| 100 ## - MAIN ENTRY--PERSONAL NAME | |
| Personal name | SK Saini |
| 245 ## - TITLE STATEMENT | |
| Title | Water conservation and utilization in agriculture production |
| 245 ## - TITLE STATEMENT | |
| Statement of responsibility, etc. | SK Saini |
| 250 ## - EDITION STATEMENT | |
| Edition statement | 1st |
| 260 ## - PUBLICATION, DISTRIBUTION, ETC. (IMPRINT) | |
| Place of publication, distribution, etc. | Delhi |
| 260 ## - PUBLICATION, DISTRIBUTION, ETC. (IMPRINT) | |
| Name of publisher, distributor, etc. | Satish serial publishing house |
| 260 ## - PUBLICATION, DISTRIBUTION, ETC. (IMPRINT) | |
| Date of publication, distribution, etc. | 2010 |
| 300 ## - PHYSICAL DESCRIPTION | |
| Extent | 450p |
| 501 ## - WITH NOTE | |
| With note | 5A1&2 |
| 650 ## - SUBJECT ADDED ENTRY--TOPICAL TERM | |
| Topical term or geographic name as entry element | socio-economic issues, management options |
| 650 ## - SUBJECT ADDED ENTRY--TOPICAL TERM | |
| Topical term or geographic name as entry element | Water conservation, Climate and water management, advanced techniques and strategies in water management, efficient inputs management, pest management in relation to moisture, water efficient alternate land uses, special issues and problems |
| 942 ## - ADDED ENTRY ELEMENTS (KOHA) | |
| Koha item type | Books (General) |
| Withdrawn status | Lost status | Damaged status | Not for loan | Home library | Current library | Date acquired | Total Checkouts | Full call number | Barcode | Date last seen | Price effective from | Koha item type |
|---|---|---|---|---|---|---|---|---|---|---|---|---|
| College of Forestry, Vellanikkara | College of Forestry, Vellanikkara | 01/11/2041 | 333.9116 SAI/WA | KAU_COF-5592 | 04/10/2014 | 04/10/2014 | Books (General) |
